Sports Quiz

Random Sports Quiz

Brett Favre Quiz Stats

 Plays Quiz not verified by Sporcle

Challenge
Share
Tweet
Embed
Score 0/19 Timer 08:00
0 Plays Today
Questions % Correct
Last Team (2009-2010)Vikings
95.5%
2nd Team (1992-2007)Packers
94.6%
3rd Team (2008)Jets
94.6%
CollegeSouthern Miss
93.7%
1st Team (1991)Falcons
93.7%
Team Lost to in Superbowl 32Broncos
57.7%
Overall pick in 1991 Draft33rd
56.8%
Team Defeated in Superbowl 31Patriots
55.9%
Probowl Selections11
48.6%
Jersey Number4
45%
Questions % Correct
Seasons with 3,000+ Passing Yards18
42.3%
Playoff Games Started24
36%
Player he shared the 1997 NFL MVP withBarry Sanders
36%
The QB he took the starting job from in Green BayDon Majkowski
32.4%
Career Passing TDs499
23.4%
Career Starts288
15.3%
Career 300-Yard Passing Games61
15.3%
Career Interceptions329
7.2%
Career Passing Yards69,926
2.7%

You're not logged in!

Compare scores with friends on all Sporcle quizzes.
Join for Free
OR
Log In

You Might Also Like...

Show Comments

Extras

Created Oct 2, 2010SourceReportNominate
Tags:brett, Brett Favre

Top Quizzes Today


Score Distribution

Your Account Isn't Verified!

In order to create a playlist on Sporcle, you need to verify the email address you used during registration. Go to your Sporcle Settings to finish the process.

Report this User

Report this user for behavior that violates our Community Guidelines.

Details: